Pracovní náplň a její změny

Podstatné náležitosti pracovnej zmluvy, ktoré ovplyvňujú a majú zásadný význam pri tvorbe a rozsahu pracovných povinností, výkonu inej práce a podobne. Vymedzenie pracovného zaradenia vo vzťahu k pracovnej náplni.

Salvato in:
Dettagli Bibliografici
Autore principale: Jouza, Ladislav
Natura: Capitolo di libro
Lingua:ceco
Soggetti:
Tags: Aggiungi Tag
Nessun Tag, puoi essere il primo ad aggiungerne!!

MARC

LEADER 00000naa a2200000 4500
001 0162461
005 20230925093832.7
041 0 |a cze 
044 |a CZ 
245 1 0 |a Pracovní náplň a její změny  |c Ladislav Jouza 
520 |a Podstatné náležitosti pracovnej zmluvy, ktoré ovplyvňujú a majú zásadný význam pri tvorbe a rozsahu pracovných povinností, výkonu inej práce a podobne. Vymedzenie pracovného zaradenia vo vzťahu k pracovnej náplni. 
610 2 0 |a Česko 
610 2 0 |a vzťahy pracovnoprávne 
610 2 0 |a zmluvy pracovné 
610 2 0 |a zaradenie pracovné 
610 2 0 |a pomer pracovný 
610 2 0 |a náplň pracovná 
610 2 0 |a povinnosti pracovníkov 
610 2 0 |a povinnosti zamestnávateľov 
100 1 |a Jouza, Ladislav